An Introduction to the Embryology of Angiosperms / (Record no. 8035)
[ view plain ]
| 000 -LEADER | |
|---|---|
| fixed length control field | 00870nam a2200325Ia 4500 |
| 001 - CONTROL NUMBER | |
| control field | 8048 |
| 005 - DATE AND TIME OF LATEST TRANSACTION | |
| control field | 20240113234047.0 |
| 007 - PHYSICAL DESCRIPTION FIXED FIELD--GENERAL INFORMATION | |
| fixed length control field | ta |
| 008 - FIXED-LENGTH DATA ELEMENTS--GENERAL INFORMATION | |
| fixed length control field | 050715s1950 a g b000 u 465 u |
| 020 ## - INTERNATIONAL STANDARD BOOK NUMBER | |
| International Standard Book Number | 0-07-099434-X |
| 040 ## - CATALOGING SOURCE | |
| Original cataloging agency | Cotton College Assam |
| 041 ## - LANGUAGE CODE | |
| Language code of text/sound track or separate title | 465 |
| 082 ## - DEWEY DECIMAL CLASSIFICATION NUMBER | |
| Classification number | 583 |
| Item number | Ma 278 Em |
| 100 ## - MAIN ENTRY--PERSONAL NAME | |
| Personal name | Maheswari, P. . |
| 245 #0 - TITLE STATEMENT | |
| Title | An Introduction to the Embryology of Angiosperms / |
| Statement of responsibility, etc. | P. Maheswari. |
| Medium | Textual Documents |
| 250 ## - EDITION STATEMENT | |
| Edition statement | 1st ed. / |
| 260 ## - PUBLICATION, DISTRIBUTION, ETC. | |
| Place of publication, distribution, etc. | New Delhi : |
| Name of publisher, distributor, etc. | Tata Mcgraw-Hill Publishing Company Ltd , |
| Date of publication, distribution, etc. | C1950. |
| 300 ## - PHYSICAL DESCRIPTION | |
| Extent | x, 453p. : |
| Other physical details | ill ; |
| Dimensions | 21cm. . |
| 504 ## - BIBLIOGRAPHY, ETC. NOTE | |
| Bibliography, etc. note | Index |
| 653 ## - INDEX TERM--UNCONTROLLED | |
| Uncontrolled term | Botany |
| 653 ## - INDEX TERM--UNCONTROLLED | |
| Uncontrolled term | Angiosperms, Embryology |
| 653 ## - INDEX TERM--UNCONTROLLED | |
| Uncontrolled term | Embryology, Angiosperms |
| 653 ## - INDEX TERM--UNCONTROLLED | |
| Uncontrolled term | G-Botany |
| 942 ## - ADDED ENTRY ELEMENTS (KOHA) | |
| Source of classification or shelving scheme | Dewey Decimal Classification |
| Koha item type | Books |
| Withdrawn status | Lost status | Damaged status | Not for loan | Collection | Home library | Current library | Date acquired | Coded location qualifier | Total checkouts | Full call number | Barcode | Date last seen | Copy number | Price effective from | Koha item type | Total renewals | Date last checked out |
|---|---|---|---|---|---|---|---|---|---|---|---|---|---|---|---|---|---|
| Dr. Suryya Kumar Bhuyan Library | Dr. Suryya Kumar Bhuyan Library | 01/02/2012 | 00000 | 583 Ma 278 Em | 78956 | 13/01/2024 | 3 | 01/02/2012 | Books | ||||||||
| Dr. Suryya Kumar Bhuyan Library | Dr. Suryya Kumar Bhuyan Library | 01/02/2012 | 00000 | 3 | 583 Ma 278 Em | 640/Bot | 02/06/2025 | 1 | 01/02/2012 | Books | 2 | 19/02/2025 | |||||
| Dr. Suryya Kumar Bhuyan Library | Dr. Suryya Kumar Bhuyan Library | 01/02/2012 | 00000 | 3 | 583 Ma 278 Em | 641/Bot | 19/06/2025 | 4 | 01/02/2012 | Books | 30/01/2025 | ||||||
| Dr. Suryya Kumar Bhuyan Library | Dr. Suryya Kumar Bhuyan Library | 01/02/2012 | 00000 | 583 Ma 278 Em | 76,037 | 13/01/2024 | 2 | 01/02/2012 | Books |
